US Airports IATA Codes - Sudden Death - Statistics

General Stats
  • This quiz has been taken 190 times
  • The average score is 4 of 16
Answers on the Grid
Answers color-coded by a green-red scale on the quiz's grid according to % correct below.
BDL
BNA
BSE
CED
CLV
CMO
CVG
DSM
EPS
GEG
IAC
JAC
JAX
KCI
LGD
MCI
MCO
MSN
MWK
ORE
PLD
PVD
PWM
RNO
RSW
SDG
SGF
TSA
TUC
TYS
 
Answer Stats
Answer % Correct
BNA
53%
JAX
48%
MCO
48%
BDL
38%
CVG
31%
MCI
21%
JAC
19%
PVD
17%
RSW
17%
DSM
16%
RNO
15%
TYS
14%
GEG
13%
MSN
12%
SGF
9%
PWM
6%
No matching quizzes found
Score Distribution
Percent of People with Each Score
Percentile by Number Answered
Your Score History
You have not taken this quiz